000 00373nam a2200157Ia 4500
008 160316s1987 xxu||||| |||| 00| 0 eng d
082 _a323.400000
_bBAK-2
100 _aBaker John
245 _aArguing for equality
250 _a
260 _aLondon
_bVerso
_c1987
300 _a182p
_b
_cxiii
365 _b
650 _a1. Political Rights - Equality
700 _a
_a
999 _c15966
_d15966